00802cam a2200205 a 450000100100000000500170001000800410002704000250006808200140009310000270010724500510013426000540018530000330023949000620027250400290033465100330036383000680039695201170046499900150058100000764920200929154239.0720726s1953 fr a 000 0 fre  aDO-SdBNPbspacBNPHU axxbP331c1 aPaulme, Denise.92121814aLes civilisations africaines /cDenise Paulme. aParis :bPresses Universitaires de France,c1953. a124, [4] p. :bil. ;c18 cm.1 a"Que sais-je?" Le point des connaissances actuelles,v606 aBibliografía: p. [125] 0aAfricaxCivilization.921219 0a"Que sais-je?" Le point des connaissances actuelles,v60694675 001052708MOaGRbGRcCTd2009-09-09iLF1l0oxx P331cp7649-10r2020-06-25w2020-06-25y2ZPréstamo interno c7429d7429